00440 2200169 4500001002100000005001500021035002000036245004700056100002300103250001700126300003200143260003300175082001000208084001600218020002200234600001400256INLIS00000000000044320240630091548 a0010-06240001521 aBercocok Tanam Jeruk /cNur Dyah Naharsari0 aNur Dyah Naharsari acetakan ke-1 aiv, 76 hlm :bilus ;c21 cm aJakarta :bAzka Press,c2007 a634.3 a634.3 NUR b a978-979-121-108-6 4aPertanian